History Quiz

Random History or World Quiz
Score 0/37 Timer 05:00
0 Plays Today
% Correct
Belarus
85.3%
Kyrgyzstan
82.1%
Estonia
80.3%
Chile
76.6%
Bolivia
74.5%
Armenia
73.3%
Peru
73%
Brazil
72.8%
Paraguay
72.4%
Bosnia and Herzegovina
71.9%
Croatia
71.1%
Moldova
69%
Slovenia
66.6%
North Macedonia
64.2%
Greece
63.5%
Democratic Republic of the Congo
62.4%
Haiti
60.9%
São Tomé and Príncipe
60.4%
Bulgaria
57.8%
% Correct
Belize
56.6%
Albania
55%
Mozambique
52.1%
Angola
52.1%
Saudi Arabia
51.5%
Israel
51.4%
Uganda
51.2%
Romania
46.8%
Guinea-Bissau
44%
Guyana
43.4%
Seychelles
40.2%
Cambodia
39.8%
Rwanda
35.9%
Republic of the Congo
35.7%
Equatorial Guinea
35%
Lebanon
31.8%
Comoros
30.1%
Burundi
29%
Remove Ads.
Support Sporcle.
Get the best of Sporcle when you Go Orange. This ad-free experience offers more features, more stats, and more fun while also helping to support Sporcle. Thank you for becoming a member.

You're not logged in!

Compare scores with friends on all Sporcle quizzes.
OR
Log In

Sporcle TV

Today on Sporcle TV


Watch our educational content, quiz creation guides, and fun videos on Sporcle TV.

Show Comments

Extras

Top Quizzes Today


Score Distribution

Paid Content

Your Account Isn't Verified!

In order to create a playlist on Sporcle, you need to verify the email address you used during registration. Go to your Sporcle Settings to finish the process.

Report this User

Report this user for behavior that violates our Community Guidelines.

Details: